000 00619nam a2200229Ia 4500
001 18589
003 GE_BSU
008 181216s||||||||xx |||||||||||||| ||und||
040 _cGE_BSU
080 _a33(075.8)
100 _aანანიაშვილი,იური
245 _aეკონომეტრია
260 _aთბილისი
260 _bმერიდიანი
260 _c2010
300 _a340გვ.
520 _aქსეროქსი
541 _h10ლ.50თ
653 _aეკონომეტრია
653 _aეკონომიკა
942 _cBK
999 _c51598
_d51598